000 01005nam a22002537a 4500
005 20180803165438.0
008 130625b2009 xxu||||| |||| 00| 0 spa d
020 _a9780521764858
041 _aeng
082 _a304.25
_bA23a
245 0 0 _aAdapting to climate change :
_bthresholds, values, governance /
_ceditado por W. Neil Adger, Irene Lorenzoni, Karen L. O´Brien
260 _aCambridge ;
_bNew York :
_bCambridge University Press,
_c2009.
300 _axv, 514 p. :
_bil., mapas ;
_c25 cm.
504 _aIncluye referencias bibliográficas e índice.
650 0 _aCambio climático
_xAspectos sociales
_928397
650 0 _aCambio climático
_xAspectos ambientales
_928398
650 0 _aCambio climático
_xAspectos económicos
_928399
650 0 _aCambio climático
_xEfectos en los seres humanos
_928400
650 0 _aPolítica ambiental
_992286
700 1 _aAdger, W. Neil
_eed.
_9177
700 1 _aLorenzoni, Irene
_eed.
_9178
700 1 _aO´Brien, Karen L.
_eed.
_9179
942 _2ddc
_cLIBRO
_03
999 _c7326
_d7326